书目信息 |
| 题名: |
王道与霸道
|
|
| 作者: | 赵金科 , 林美卿 著 | |
| 分册: | ||
| 出版信息: | 北京 中国书籍出版社 2017 |
|
| 页数: | 252页 | |
| 开本: | 24cm | |
| 丛书名: | 中国书籍·学术之星文库 | |
| 单 册: | ||
| 中图分类: | G04 | |
| 科图分类: | ||
| 主题词: | 东西文化--比较文化 | |
| 电子资源: | ||
| ISBN: | 978-7-5068-6056-7 | |
| 000 | 01638oam2 2200289 450 | |
| 001 | 3459 | |
| 005 | 20180527160448.98 | |
| 010 | @a978-7-5068-6056-7@b精装@dCNY68.00 | |
| 100 | @a20170524d2017 em y0chiy50 ea | |
| 101 | 0 | @achi |
| 102 | @aCN@b110000 | |
| 105 | @ay z 000yy | |
| 200 | 1 | @a王道与霸道@9wang dao yu ba dao@e中国和平崛起的文化自觉与路径选择@f赵金科,林美卿著 |
| 210 | @a北京@c中国书籍出版社@d2017 | |
| 215 | @a252页@d24cm | |
| 225 | 1 | @a中国书籍·学术之星文库 |
| 314 | @a赵金科,男,山东农业大学马克思主义学院副教授、硕士生导师。在全国中文核心期刊《齐鲁学刊》等刊物上发表相关专业论文20余篇,与他人合著著作、参编教材8部。 | |
| 314 | @a林美卿,女,山东农业大学马克思主义学院教授、院长、硕士生导师。山东省马克思主义研究会、山东省哲学教学研究会常务理事;山东省马克思主义理论教育专业委员会委员。 | |
| 330 | @a本书介绍:近代已降,对于中西文化的对比研究可谓多矣。但把中西文化的主要特征概括为“王道”与“霸道”,把中国“王道”视为一个发酵于夏商周三代,由孔子引发、孟子、荀子等儒学大师的诠释和扩展,经老子道家、墨子墨家、孙子兵家、禅宗佛教等学派释微与阐发,内涵异常丰富、具有广泛包容性和东方伦理智慧的庞大思想文化体系。并与西方的“霸道”文化进行分析比较探究,从而阐明二者在认识和处理人与自然、人与人(群己、社会、民族国家)、人与己三方面关系上的思维差异及其现实态度。 | |
| 461 | 0 | @12001 @a中国书籍·学术之星文库 |
| 517 | 1 | @a中国和平崛起的文化自觉与路径选择@9zhong guo he ping jue qi de wen hua zi jue yu lu jing xuan ze |
| 606 | 0 | @a东西文化@x比较文化 |
| 690 | @aG04@v5 | |
| 701 | 0 | @a赵金科@9zhao jin ke@4著 |
| 701 | 0 | @a林美卿@9lin mei qing@4著 |
| 801 | 0 | @aCN@b91MARC@c20170524 |
| 905 | @aMuseLib@dG04@e110 | |
| 王道与霸道:中国和平崛起的文化自觉与路径选择/赵金科,林美卿著.-北京:中国书籍出版社,2017 |
| 252页;24cm.-(中国书籍·学术之星文库) |
| ISBN 978-7-5068-6056-7(精装):CNY68.00 |
| 本书介绍:近代已降,对于中西文化的对比研究可谓多矣。但把中西文化的主要特征概括为“王道”与“霸道”,把中国“王道”视为一个发酵于夏商周三代,由孔子引发、孟子、荀子等儒学大师的诠释和扩展,经老子道家、墨子墨家、孙子兵家、禅宗佛教等学派释微与阐发,内涵异常丰富、具有广泛包容性和东方伦理智慧的庞大思想文化体系。并与西方的“霸道”文化进行分析比较探究,从而阐明二者在认识和处理人与自然、人与人(群己、社会、民族国家)、人与己三方面关系上的思维差异及其现实态度。 |
| ● |
| 相关链接 |
|
|
|
|
正题名:王道与霸道
索取号:G04/110
 
预约/预借
| 序号 | 登录号 | 条形码 | 馆藏地/架位号 | 状态 | 备注 |
| 1 | 1109280 | 211092805 | 第一样本阅览室/ [索取号:G04/110] | 在馆 | |
| 2 | 1109281 | 211092814 | 教育系资料室/ [索取号:G04/110] | 在馆 | |
| 3 | 1109282 | 211092823 | 教育系资料室/ [索取号:G04/110] | 在馆 | |
| 4 | 1109283 | 211092832 | 第四借阅区/ [索取号:G04/110] | 在馆 |